00350 a2200145 450000100060000002000180000604000240002410000200004824000410006824500360010930000070014536200090015244000120016165000310017369415 a9788589526173 cAnchieta - Itaigara aBarros, Fabiana10aO mundo mágico de Troglozinholpor10aO mundo mágico de Troglozinho a240 a2008 1aKalango 4aLiteratura infanto-juvenil